Előadások a filozófia történetéről 2. köt.
Elmentve itt :
| Szerző: | |
|---|---|
| További közreműködők: | |
| Adatforrás: | Philobibl |
| Dokumentumtípus: | Kötet |
| Nyelv: | magyar |
| Kulcsszavak: | klasszikus német filozófia filozófiatörténet |
| Megjelent: |
1959
|
| LEADER | 00474nad a2200157 cc4500 | ||
|---|---|---|---|
| 001 | bibDOK00008870ab | ||
| 005 | 20200924120438.8 | ||
| 008 | 060518s1959 hu hun | ||
| 100 | 1 | |a Hegel, G. W. F. | |
| 245 | 1 | 0 | |a Előadások a filozófia történetéről |n 2. köt. |c Hegel, G. W. F. ; [ford., utószó: Szemere Samu] |
| 260 | |c 1959 | ||
| 300 | |a 471 p. | ||
| 695 | |a klasszikus német filozófia | ||
| 695 | |a filozófiatörténet | ||
| 700 | 1 | |a Szemere Samu | |
| 773 | 0 | |w bibDOK00008870 | |